<?xml version="1.0" encoding="UTF-8"?>
<record
    xmlns:xsi="http://www.w3.org/2001/XMLSchema-instance"
    xsi:schemaLocation="http://www.loc.gov/MARC21/slim http://www.loc.gov/standards/marcxml/schema/MARC21slim.xsd"
    xmlns="http://www.loc.gov/MARC21/slim">

  <leader>00904nam a22002177a 4500</leader>
  <controlfield tag="003">0</controlfield>
  <controlfield tag="005">20250127114703.0</controlfield>
  <controlfield tag="008">250127b        xxu||||| |||| 00| 0 eng d</controlfield>
  <datafield tag="050" ind1=" " ind2=" ">
    <subfield code="a">LB 2805 </subfield>
    <subfield code="b">.B37 2018</subfield>
  </datafield>
  <datafield tag="100" ind1=" " ind2=" ">
    <subfield code="a">Barbon, Rona Divine N. </subfield>
  </datafield>
  <datafield tag="245" ind1=" " ind2=" ">
    <subfield code="a">Leadership styles of selected private and public colleges and universities administrators in the southern district of manila </subfield>
    <subfield code="c">Rona Divine N. Barbon</subfield>
  </datafield>
  <datafield tag="260" ind1=" " ind2=" ">
    <subfield code="a">Las Pinas City</subfield>
    <subfield code="b">Southville International School and Colleges</subfield>
    <subfield code="c">2018</subfield>
  </datafield>
  <datafield tag="300" ind1=" " ind2=" ">
    <subfield code="a">vi, 126 pages ;</subfield>
    <subfield code="c">28cm. </subfield>
  </datafield>
  <datafield tag="500" ind1=" " ind2=" ">
    <subfield code="a">Human Resource Development Management. </subfield>
  </datafield>
  <datafield tag="504" ind1=" " ind2=" ">
    <subfield code="a">Includes bibliographical references and appendices. 
</subfield>
  </datafield>
  <datafield tag="650" ind1=" " ind2=" ">
    <subfield code="a">Manila (Philippines)&#x2014;Education&#x2014;Administration.</subfield>
  </datafield>
  <datafield tag="650" ind1=" " ind2=" ">
    <subfield code="a">Universities and colleges&#x2014;Administration.</subfield>
  </datafield>
  <datafield tag="650" ind1=" " ind2=" ">
    <subfield code="a">ublic universities and colleges&#x2014;Administration.</subfield>
  </datafield>
  <datafield tag="650" ind1=" " ind2=" ">
    <subfield code="a">Leadership&#x2014;Case studies.</subfield>
  </datafield>
  <datafield tag="942" ind1=" " ind2=" ">
    <subfield code="2">lcc</subfield>
    <subfield code="c">TH</subfield>
  </datafield>
  <datafield tag="999" ind1=" " ind2=" ">
    <subfield code="c">367071</subfield>
    <subfield code="d">367071</subfield>
  </datafield>
  <datafield tag="952" ind1=" " ind2=" ">
    <subfield code="0">0</subfield>
    <subfield code="1">0</subfield>
    <subfield code="2">lcc</subfield>
    <subfield code="4">0</subfield>
    <subfield code="a">CL</subfield>
    <subfield code="b">CL</subfield>
    <subfield code="c">THESES</subfield>
    <subfield code="d">2025-01-27</subfield>
    <subfield code="e">DONATION</subfield>
    <subfield code="k">THESES</subfield>
    <subfield code="l">0</subfield>
    <subfield code="o">LB 2805  .B37 2018</subfield>
    <subfield code="p">T1293</subfield>
    <subfield code="r">2025-01-27 00:00:00</subfield>
    <subfield code="w">2025-01-27</subfield>
    <subfield code="y">TH</subfield>
  </datafield>
</record>
